<?xml version="1.0" encoding="UTF-8"?><?xml-stylesheet type="text/xsl" href="static/style.xsl"?><OAI-PMH xmlns="http://www.openarchives.org/OAI/2.0/" xmlns:xsi="http://www.w3.org/2001/XMLSchema-instance" xsi:schemaLocation="http://www.openarchives.org/OAI/2.0/ http://www.openarchives.org/OAI/2.0/OAI-PMH.xsd"><responseDate>2026-04-17T02:56:33Z</responseDate><request verb="GetRecord" identifier="oai:www.recercat.cat:2072/419191" metadataPrefix="marc">https://recercat.cat/oai/request</request><GetRecord><record><header><identifier>oai:recercat.cat:2072/419191</identifier><datestamp>2024-10-29T16:22:05Z</datestamp><setSpec>com_2072_98</setSpec><setSpec>col_2072_378196</setSpec></header><metadata><record xmlns="http://www.loc.gov/MARC21/slim" xmlns:dcterms="http://purl.org/dc/terms/" xmlns:xsi="http://www.w3.org/2001/XMLSchema-instance" xmlns:doc="http://www.lyncode.com/xoai" xsi:schemaLocation="http://www.loc.gov/MARC21/slim http://www.loc.gov/standards/marcxml/schema/MARC21slim.xsd">
   <leader>00925njm 22002777a 4500</leader>
   <datafield ind2=" " ind1=" " tag="042">
      <subfield code="a">dc</subfield>
   </datafield>
   <datafield ind2=" " ind1=" " tag="720">
      <subfield code="a">Revelles Esquirol, Jesús</subfield>
      <subfield code="e">author</subfield>
   </datafield>
   <datafield ind2=" " ind1=" " tag="720">
      <subfield code="a">Universitat Autònoma de Barcelona. Facultat de Filosofia i Lletres</subfield>
      <subfield code="e">author</subfield>
   </datafield>
   <datafield ind2=" " ind1=" " tag="260">
      <subfield code="c">2008</subfield>
   </datafield>
   <datafield ind2=" " ind1=" " tag="520">
      <subfield code="a">L'any 1975 Josep Pla publicava el número 28 de l'Obra completa: Direcció Lisboa, en què el narrador planià mostra el seu pas per tres itineraris en direcció a Portugal. El viatge per terres lusitanes esdevé una reflexió sobre la política d'Oliveira Salazar, la indústria surera i els vincles politicoculturals de Catalunya i Portugal. La interpretació portuguesa de Josep Pla aplega enfocaments i materials històrics i literaris, i vincula la poètica planiana amb la contemporaneïtat. Aquesta interpretació no es planteja com a superadora d'altres sinó com un complement, com una nova visió de Josep Pla, el narrador i l'escriptor.</subfield>
   </datafield>
   <datafield tag="653" ind2=" " ind1=" ">
      <subfield code="a">Pla, Josep, 1897-1981. Direcció Lisboa</subfield>
   </datafield>
   <datafield ind2="0" ind1="0" tag="245">
      <subfield code="a">La interpretació portuguesa de Josep Pla</subfield>
   </datafield>
</record></metadata></record></GetRecord></OAI-PMH>